000 01040nam a2200277Ia 4500
001 Para_10063
003 CHAP
008 220125sDici xx 000 0 und d
010 _a208750
040 _cCHAP
090 _aPA CD - TESIS 144
100 _aHernández Aguilar, Oscar David
_953779
245 _aIdentificación y descripción de la entomofauna asociada al chayote (Sechium edule (Jacq.) Sw.) en el estado de Veracruz, México /
_c Oscar David Hernández Aguilar; Director Juan Fernándo Solís Aguilar
260 _aChapingo, Méx. :
_b el autor
300 _a1 CDS ROM (48 p.)
502 _aTesis (Ing. Agr. Esp. en Parasitología Agrícola). UACh. Departamento Parasitología Agrícola
700 _aSolís Aguilar, Juan Fernando. Director
_9171333
710 _aUACh. Departamento Parasitología Agrícola
_9164025
901 _aPA CD - TESIS 144
902 _aM
905 _a513220Diciembre, 2011 abmn8100000000 06
910 _aDici
942 _cPARA
942 _cPARA
_d2
999 _c208750
_d208750